Study guide and Lotus templates for use with Production & operations management, sixth edition, Chase/Aquilano

Na minha lista:
Detalhes bibliográficos
Outros Autores: Singhal, Kalyan, Pope, Joseph D.
Formato: Livro
Publicado em: Homewood, Ill. : Irwin, c1992.
Edição:6th ed.
Assuntos:
Tags: Adicionar Tag
Sem tags, seja o primeiro a adicionar uma tag!

MARC

LEADER 00000nam a22000007a 4500
020 |a 0256113122  |c TZS 30,000/= 
040 |a MUL  |b eng  |e AACR 
082 |a 658.5 CHA 
245 |a  Study guide and Lotus templates for use with Production & operations management, sixth edition, Chase/Aquilano  |c / Kalyan Singhal, Joseph D. Pope 
250 |a 6th ed. 
260 |a Homewood, Ill. :  |b Irwin,   |c c1992. 
300 |a  v, 297 p. ;  |c 29 cm. 
546 |a eng 
650 |a Manufacturing 
650 |a Quality management 
700 |a Singhal, Kalyan  
700 |a Pope, Joseph D.  
942 |c BK 
999 |c 5654  |d 5654